000 00821cam a2200253 i 4500
999 _c7008
_d7008
001 4581776
003 GBCCL
005 20241126110617.0
008 760813s1976 ohua d 000 0 eng
010 _a 75039572
020 _a0529053241
040 _aDLC
_cDLC
_dDLC
050 0 0 _aPE1625
_b.W34 1976
082 0 0 _a423
_bWEB
245 0 0 _aWebster's New World dictionary of the American language /
_cDavid B. Guralnik, editor in chief.
250 _a2d college ed.
260 _aCleveland :
_bCollins+World,
_cc1976.
300 _axxxvi, 1692 p. :
_bill. ;
_c26 cm.
650 0 _aEnglish language
_xDictionaries.
_912452
650 0 _aAmericanisms
_xDictionaries.
_912453
700 1 _aGuralnik, David B.
_q(David Bernard),
_d1920-2000.
_912454
906 _a7
_bcbc
_corignew
_d2
_eocip
_f19
_gy-gencatlg
942 _2ddc
_cREF